| 000 | 00699nam a22002297a 4500 | ||
|---|---|---|---|
| 999 |
_c3406 _d3406 |
||
| 003 | AR-CdUCM | ||
| 008 | 190306b ||||| |||| 00| 0 spa d | ||
| 040 |
_aMUNICIPALIDAD PROVINCIAL DEL CUSCO _cBIBLIOTECA MUNICIPAL DEL CUSCO |
||
| 041 | _heng. | ||
| 082 |
_a818.5 / _bC16 |
||
| 100 |
_aCaillou, Alan _911243 |
||
| 245 | _aKartum / | ||
| 260 |
_aBarcelona : _bEdit. Burguesa, _c1966. |
||
| 300 |
_a221 paginas ; _c21 cm. _biIustraciones, |
||
| 650 |
_aLiteratura estadounidense _911000 |
||
| 650 |
_aSiglo XX _98 |
||
| 700 |
_aC.Diaz Andres (editor) _911244 |
||
| 700 |
_aFrancisco MariƱas (editor) _911245 |
||
| 700 |
_aRosa Moreno (traductor) _911246 |
||
| 942 |
_2ddc _cLIBROS |
||
| 945 | _arjall | ||